Project management : (Record no. 3772)

MARC details
000 -LEADER
fixed length control field 00753cam a22002292 4500
001 - CONTROL NUMBER
control field 0000018613
005 - DATE AND TIME OF LATEST TRANSACTION
control field 20151217145905.0
008 - FIXED-LENGTH DATA ELEMENTS--GENERAL INFORMATION
fixed length control field 100223s xx 000 0 eng d
020 ## - INTERNATIONAL STANDARD BOOK NUMBER
International Standard Book Number 0470400265 :
040 ## - CATALOGING SOURCE
Original cataloging agency KABU
Transcribing agency KABU
100 1# - MAIN ENTRY--PERSONAL NAME
Personal name Meredith, Jack R.
-- 0000148292
245 10 - TITLE STATEMENT
Title Project management :
Remainder of title a managerial approach /
Statement of responsibility, etc. Jack R. Meredith, Samuel J. Mantel.
250 ## - EDITION STATEMENT
Edition statement 7th ed.
260 ## - PUBLICATION, DISTRIBUTION, ETC. (IMPRINT)
Place of publication, distribution, etc. Hoboken, NJ :
Name of publisher, distributor, etc. John Wiley,
Date of publication, distribution, etc. 2010.
300 ## - PHYSICAL DESCRIPTION
Extent xiv, 587 p. +
Accompanying material 1 CD-ROM.
650 #0 - SUBJECT ADDED ENTRY--TOPICAL TERM
Topical term or geographic name as entry element Project management.
-- 0000148291
700 1# - ADDED ENTRY--PERSONAL NAME
Personal name Mantel, Samuel J.
-- 0000148293
852 1# - LOCATION
-- p7490 KES
852 1# - LOCATION
-- p7490 KES
908 ## - PUT COMMAND PARAMETER (RLIN)
Put command parameter 100223
950 ## - LOCAL HOLDINGS (RLIN)
-- 1
Holdings
Withdrawn status Lost status Source of classification or shelving scheme Not for loan Home library Current library Date acquired Total Checkouts Full call number Barcode Date last seen Date last checked out Price effective from Koha item type
    Library of Congress Classification   Kabarak, Main Campus Kabarak, Main Campus 17/12/2015 3 HD69 .P75M47 2010 c. 3 18680 02/08/2024 15/10/2016 17/12/2015 General Collection
    Library of Congress Classification   Kabarak, Main Campus Kabarak, Main Campus 17/12/2015 1 HD69 .P75M47 2010 c. 1 18678 02/08/2024 15/07/2016 17/12/2015 General Collection
    Library of Congress Classification   Kabarak, Main Campus Kabarak, Main Campus 17/12/2015 1 HD69 .P75M47 2010 c. 2 18679 02/08/2024 15/07/2016 17/12/2015 General Collection
Designed with assistance from East African Informatics Ltd